| 000 | 00838nab a2200253 u 4500 | ||
|---|---|---|---|
| 001 | 19883 | ||
| 003 | HDC | ||
| 007 | cr bn ---aaaaa | ||
| 008 | 210303c20091204xx dr|noo 0 a eng d | ||
| 040 | _aHDC | ||
| 245 | 0 | _aSJK Products Launches Onepure alcohol free, natural sanitising handgel | |
| 260 |
_a[No place] : _b[publisher not identified], _c2009 |
||
| 300 | _a1 online resource | ||
| 336 |
_atext _2rdacontent |
||
| 337 |
_acomputer _2rdamedia |
||
| 338 |
_aonline resource _2rdacarrier |
||
| 650 |
_aalcohol free _918140 |
||
| 650 |
_aOnepure-handgel _918139 |
||
| 710 | _aHalal Focus | ||
| 856 | _zRequest full-text at [email protected] | ||
| 942 | _2lcc | ||
| 942 | _cNEWS | ||
| 942 | _kNWSO 006278 | ||
| 999 |
_c17199 _d17199 |
||